| 000 | 00442nam a2200169Ia 4500 | ||
|---|---|---|---|
| 005 | 20250423101415.0 | ||
| 008 | 250422s9999 xx 000 0 und d | ||
| 020 | _a978- 1- 59420- 283- 4 | ||
| 050 | _aHD 9502.A2 .Y47/ | ||
| 100 | _aDaniel Yergin | ||
| 245 | 4 | _aThe quest: energy, security and the remaking of the modern world | |
| 260 | _bPenguine Group | ||
| 260 | _c2011 | ||
| 300 | _a804 p | ||
| 650 | _aGlobalization | ||
| 942 | _cBK | ||
| 999 |
_c36215 _d36215 |
||